Top 10 Most Italian-American U.S. States - Statistics

General Stats
  • This quiz has been taken 384 times
  • The average score is 8 of 10
Answer Stats
% State % Correct
11.9 New York
100%
15.2 New Jersey
96%
16.3 Rhode Island
87%
16.5 Connecticut
85%
12.0 Massachusetts
84%
11.2 Pennsylvania
84%
10.1 New Hampshire
80%
8.4 Delaware
75%
7.3 Vermont
75%
6.1 Ohio
70%
No matching quizzes found
Score Distribution
Percent of People with Each Score
Percentile by Number Answered
Your Score History
You have not taken this quiz